| 000 | 00815cam a2200217 4500 | ||
|---|---|---|---|
| 005 | 20260415145216.0 | ||
| 008 | 260415b nju|||||||| |||| 00| 0 eng d | ||
| 020 | _a0878915079 | ||
| 050 | 0 | 4 |
_aQC32 _bP49 2000 |
| 245 | 0 | 4 |
_aThe physics problem solver _b : a complete solution guide to any textbook _c / staff of Research and Education Association ; M. Fogiel chief editor |
| 246 | 1 | 0 | _aPhysics |
| 250 | _a1a ed. | ||
| 260 |
_aPiscataway, New Jersey : _bResearch and Education Association, _c2000 |
||
| 300 |
_axvii, 1182 p. : _bil. ; _c25 cm. |
||
| 490 | 0 | _aResearch and Education Association Problem Solvers | |
| 500 | _aIncluye índice | ||
| 650 | 7 |
_2lemb _aFísica _xProblemas y ejercicios |
|
| 700 | 1 |
_aFogiel, M. _eeditor |
|
| 710 | 2 | _aResearch and Education Association (United States) | |
| 942 |
_2lcc _cLIB |
||
| 999 |
_c71152 _d71152 |
||